Tafseer Ibn-e-Kaseer (Vol-4) Urdu (Record no. 12141)

000 -LEADER
fixed length control field 00407nam a22001457a 4500
020 ## - INTERNATIONAL STANDARD BOOK NUMBER
International Standard Book Number -
082 ## - DEWEY DECIMAL CLASSIFICATION NUMBER
Classification number 297
100 ## - MAIN ENTRY--PERSONAL NAME
Personal name Ibn-e-Kaseer, Hafiz Abul Fida
9 (RLIN) 129979
245 ## - TITLE STATEMENT
Title Tafseer Ibn-e-Kaseer (Vol-4) Urdu
260 ## - PUBLICATION, DISTRIBUTION, ETC.
Place of publication, distribution, etc. Lahore (Pakistan)
Name of publisher, distributor, etc. Darussalam
Date of publication, distribution, etc. -
300 ## - PHYSICAL DESCRIPTION
Extent 803 p.
Other physical details ill. ;
500 ## - GENERAL NOTE
General note Includes index.
650 ## - SUBJECT ADDED ENTRY--TOPICAL TERM
Topical term or geographic name entry element 1.Al Quran-- Tarjama-- Urdu. 2.Al Quran-- Tafseer
9 (RLIN) 129980
942 ## - ADDED ENTRY ELEMENTS (KOHA)
Koha item type Book
Source of classification or shelving scheme
Holdings
Withdrawn status Lost status Source of classification or shelving scheme Damaged status Not for loan Permanent Location Current Location Shelving location Date acquired Source of acquisition Cost, normal purchase price Total Checkouts Total Renewals Full call number Barcode Date last seen Date last checked out Price effective from Koha item type
          Central Library (CL) Central Library (CL) General Stacks 07/19/2013 Allied Book Company 667.00 4 11 297 IBN SEECS012651 03/13/2026 01/02/2026 07/19/2013 Book
© 2023 Central Library, National University of Sciences and Technology. All Rights Reserved.